[Event "BL2-Nord 1920"]
[Site "Germany"]
[Date "2020.02.09"]
[Round "8.3"]
[White "Bracker, Frank"]
[Black "Woellermann, Jan"]
[Result "1-0"]
[WhiteElo "2385"]
[BlackElo "2352"]
[PlyCount "105"]
[EventDate "2019.10.19"]
[EventType "team-tourn"]
[EventRounds "9"]
[EventCountry "GER"]
[SourceTitle "CBM 194 Extra"]
[Source "ChessBase"]
[SourceDate "2020.03.31"]
[SourceVersion "1"]
[SourceVersionDate "2020.03.31"]
[SourceQuality "1"]
[WhiteTeam "Hamburger SK II"]
[BlackTeam "Magdeburg"]
[WhiteTeamCountry "GER"]
[BlackTeamCountry "GER"]

1. Nf3 d5 2. c4 e6 3. g3 Nf6 4. Bg2 Be7 5. 0-0 0-0 6. b3 d4 7. e3 c5 8. exd4 cxd4 9. Re1 Nc6 10. d3 Nd7 11. Ba3 Re8 12. Bxe7 Rxe7 13. a3 a5 14. Nbd2 Nc5 15. Qc2 e5 16. Ng5 Bf5 17. Nge4 Na6 18. c5 Qc7 19. Rac1 Bg6 20. Qc4 Rd8 21. Nd6 h6 22. N2e4 Kh7 23. Bh3 f6 24. Rb1 Rf8 25. Nf5 Bf7 26. Qc1 Be6 27. Ned6 Rd7 28. Bg2 Qb8 29. Be4 Kg8 30. h4 Qa7 31. Bxc6 bxc6 32. b4 axb4 33. axb4 Nc7 34. Ra1 Qb8 35. Qd2 Nd5 36. Nxd4 exd4 37. Rxe6 Qxb4 38. Qxb4 Nxb4 39. Ra3 f5 40. Kg2 f4 41. g4 f3+ 42. Kg3 Nd5 43. Nf5 h5 44. Rxc6 hxg4 45. Rd6 Rdf7 46. Rxd5 Rxf5 47. Rxf5 Rxf5 48. Ra8+ Kf7 49. Rc8 Re5 50. c6 Rc5 51. c7 Rc2 52. Kxg4 Rc3 53. h5 1-0

[Event "Niedersachsen-ch op A"]
[Site "Verden"]
[Date "2019.01.04"]
[Round "3"]
[White "Woellermann, Jan"]
[Black "Bulygin, Anton"]
[Result "1-0"]
[WhiteElo "2278"]
[BlackElo "1904"]
[PlyCount "141"]
[EventDate "2019.01.03"]
[EventType "swiss"]
[EventRounds "7"]
[EventCountry "GER"]
[SourceTitle "EXT 2022"]
[Source "ChessBase"]
[SourceDate "2021.10.06"]
[SourceVersion "1"]
[SourceVersionDate "2021.10.06"]
[SourceQuality "1"]

1. Nf3 d5 2. d4 Nf6 3. c4 e6 4. g3 c5 5. cxd5 exd5 6. Bg2 Nc6 7. 0-0 h6 8. Nc3 Be7 9. dxc5 Bxc5 10. a3 0-0 11. b4 Bb6 12. Bb2 Be6 13. Na4 Ne4 14. Nxb6 Qxb6 15. Nd4 Nd6 16. Nxc6 bxc6 17. Bd4 Qa6 18. Re1 Rfd8 19. Qd2 Qb7 20. Qb2 f5 21. Qc2 a5 22. bxa5 Rxa5 23. e3 Nc4 24. a4 Rda8 25. Bc3 R5a6 26. Bf1 c5 27. Reb1 Qc6 28. Rb5 R6a7 29. Qb3 Kh7 30. Bg2 Bd7 31. Rb8 Rxa4 32. Rxa8 Qxa8 33. Rxa4 Qxa4 34. Qxa4 Bxa4 35. Bxd5 Nb6 36. Bf7 Bb5 37. f3 Bd3 38. Kf2 Nc4 39. h3 Nd6 40. Be6 g5 41. Bf6 c4 42. Be5 Nb5 43. e4 fxe4 44. Bf5+ Kg8 45. fxe4 Kf7 46. Bd7 Na3 47. Kf3 h5 48. Bd4 Nc2 49. Bc3 Ke7 50. Bc6 Kd6 51. Be8 g4+ 52. hxg4 hxg4+ 53. Kf4 Kc5 54. Bd7 Nd4 55. Ke3 Nc2+ 56. Kf4 Nd4 57. Be1 c3 58. Bxc3 Ne2+ 59. Ke3 Nxc3 60. Kxd3 Nd1 61. Ke2 Nc3+ 62. Ke3 Nd1+ 63. Kf4 Kd4 64. Bxg4 Nf2 65. Bf3 Nd3+ 66. Kf5 Ne5 67. Bh5 Nc4 68. Bg6 Nd6+ 69. Kf6 Nxe4+ 70. Bxe4 Kxe4 71. g4 1-0

[Event "Niedersachsen-ch op A"]
[Site "Verden"]
[Date "2019.01.03"]
[Round "2"]
[White "Graf, Lucas"]
[Black "Woellermann, Jan"]
[Result "0-1"]
[WhiteElo "1999"]
[BlackElo "2278"]
[PlyCount "70"]
[EventDate "2019.01.03"]
[EventType "swiss"]
[EventRounds "7"]
[EventCountry "GER"]
[SourceTitle "EXT 2022"]
[Source "ChessBase"]
[SourceDate "2021.10.06"]
[SourceVersion "1"]
[SourceVersionDate "2021.10.06"]
[SourceQuality "1"]

1. e4 e5 2. Nf3 Nc6 3. Bc4 Bc5 4. d3 Nf6 5. c3 0-0 6. 0-0 d5 7. exd5 Nxd5 8. Bb5 Bd6 9. Re1 Re8 10. Nbd2 Nb6 11. a4 a6 12. Bxc6 bxc6 13. a5 Nd5 14. h3 f6 15. Nc4 Bf8 16. d4 e4 17. Nfd2 f5 18. Ne5 Qh4 19. Ndc4 Be6 20. Bd2 c5 21. Qe2 cxd4 22. cxd4 Rab8 23. Rac1 Rb5 24. f3 e3 25. Bxe3 Nxe3 26. Qxe3 Bxc4 27. Rxc4 Rbxe5 28. Qxe5 Rxe5 29. Rxe5 Bd6 30. Re2 Qf4 31. b3 Qh2+ 32. Kf2 Bg3+ 33. Ke3 Qg1+ 34. Kd2 Qb1 35. Rc3 Bf4+ 0-1

[Event "Pfalz op-A 9th"]
[Site "Neustadt an der Weinstrasse"]
[Date "2018.02.13"]
[Round "9"]
[White "Voege, Tobias"]
[Black "Woellermann, Jan"]
[Result "0-1"]
[WhiteElo "2178"]
[BlackElo "2375"]
[PlyCount "126"]
[EventDate "2018.02.09"]
[EventType "swiss"]
[EventRounds "9"]
[EventCountry "GER"]
[SourceTitle "CBM 182 Extra"]
[Source "ChessBase"]
[SourceDate "2018.02.23"]
[SourceVersion "1"]
[SourceVersionDate "2018.02.23"]
[SourceQuality "1"]

1. d4 d5 2. c4 e6 3. Nc3 a6 4. Nf3 Nf6 5. cxd5 exd5 6. Bg5 Be6 7. e3 Nbd7 8. Bd3 h6 9. Bh4 g5 10. Bg3 Nh5 11. Rc1 Nxg3 12. hxg3 c6 13. Kf1 Bg7 14. Na4 Qf6 15. b4 Bg4 16. Nc5 Nxc5 17. bxc5 Rd8 18. Rb1 Qe7 19. Qb3 Bc8 20. Qc2 Qe6 21. Nd2 f5 22. Nb3 0-0 23. Kg1 Qe7 24. Kh2 Rde8 25. Qd2 Rf6 26. Be2 f4 27. Rhe1 fxe3 28. fxe3 Rf2 29. Kg1 Ref8 30. Rf1 Rxf1+ 31. Bxf1 h5 32. Bd3 g4 33. e4 dxe4 34. Re1 Bf5 35. Qe3 Re8 36. Kh2 Qd8 37. Qf4 Qf6 38. Bxe4 Bg6 39. Qxf6 Bxf6 40. Rf1 Kg7 41. Bxg6 Kxg6 42. Na5 Bxd4 43. Nxb7 Re3 44. Rb1 Be5 45. Nd8 Bxg3+ 46. Kg1 Re5 47. Nxc6 Rxc5 48. Nd4 Ra5 49. Ne2 Be5 50. Nc1 Bf4 51. Nd3 Be3+ 52. Kh1 Rxa2 53. Nb4 Ra4 54. Nc6 Kg5 55. g3 h4 56. gxh4+ Kxh4 57. Nb4 Kh3 58. Nc2 Bf2 59. Ne1 Bxe1 60. Rxe1 g3 61. Rb1 Ra2 62. Rc1 a5 63. Rg1 Rh2# 0-1

[Event "Pfalz op-A 9th"]
[Site "Neustadt an der Weinstrasse"]
[Date "2018.02.11"]
[Round "5"]
[White "Pajeken, Jakob Leon"]
[Black "Woellermann, Jan"]
[Result "1/2-1/2"]
[WhiteElo "2137"]
[BlackElo "2375"]
[PlyCount "49"]
[EventDate "2018.02.09"]
[EventType "swiss"]
[EventRounds "9"]
[EventCountry "GER"]
[SourceTitle "CBM 182 Extra"]
[Source "ChessBase"]
[SourceDate "2018.02.23"]
[SourceVersion "1"]
[SourceVersionDate "2018.02.23"]
[SourceQuality "1"]

1. e4 e5 2. Nf3 Nc6 3. Bb5 a6 4. Ba4 Nf6 5. d3 d6 6. c4 Bg4 7. h3 Bxf3 8. Bxc6+ bxc6 9. Qxf3 Be7 10. Nc3 Nd7 11. Be3 Nf8 12. 0-0 Ne6 13. b4 0-0 14. Rfb1 Qd7 15. a4 Nd4 16. Bxd4 exd4 17. Ne2 Bf6 18. g4 Rab8 19. Qg2 h6 20. f4 g6 21. Ra2 Rb7 22. Rab2 Rfb8 23. Ng3 Bh4 24. Nf1 Be7 25. Nh2 1/2-1/2

[Event "BL2-Ost 1718"]
[Site "Germany"]
[Date "2018.02.04"]
[Round "8.1"]
[White "Woellermann, Jan"]
[Black "Papp, Gabor"]
[Result "0-1"]
[WhiteElo "2384"]
[BlackElo "2598"]
[PlyCount "88"]
[EventDate "2017.10.21"]
[EventType "team-tourn"]
[EventRounds "10"]
[EventCountry "GER"]
[SourceTitle "CBM 183 Extra"]
[Source "ChessBase"]
[SourceDate "2018.04.19"]
[SourceVersion "1"]
[SourceVersionDate "2018.04.19"]
[SourceQuality "1"]
[WhiteTeam "Magdeburg Aufbau Elbe"]
[BlackTeam "Nickelhuette Aue"]
[WhiteTeamCountry "GER"]
[BlackTeamCountry "GER"]

1. d4 Nf6 2. c4 e6 3. Nc3 Bb4 4. Bg5 c5 5. d5 d6 6. e3 exd5 7. cxd5 Nbd7 8. Bd3 Bxc3+ 9. bxc3 Qa5 10. Ne2 Nxd5 11. 0-0 Nxc3 12. Nxc3 Qxc3 13. Bb5 h6 14. Qxd6 hxg5 15. Rad1 Qb2 16. Bxd7+ Bxd7 17. Qxd7+ Kf8 18. Qd6+ Kg8 19. Qxc5 Qxa2 20. Ra1 Qe6 21. Rxa7 Rxa7 22. Qxa7 b6 23. h3 Rh6 24. Rd1 Rf6 25. Qa8+ Kh7 26. Rd8 Qf5 27. f3 Qe5 28. Rh8+ Kg6 29. Re8 Re6 30. Rxe6+ Qxe6 31. Kf2 b5 32. Qb7 Qc4 33. Kg3 b4 34. f4 gxf4+ 35. exf4 b3 36. Qb6+ Kh7 37. Qd8 Qb5 38. Qh4+ Kg6 39. Qg4+ Kh6 40. f5 Qe5+ 41. Kf3 Qf6 42. Qf4+ Kh7 43. Ke2 b2 44. Qb4 Qg5 0-1

[Event "Basel op"]
[Site "Basel"]
[Date "2018.01.06"]
[Round "7"]
[White "Beukema, Jasper"]
[Black "Woellermann, Jan"]
[Result "1/2-1/2"]
[WhiteElo "2249"]
[BlackElo "2392"]
[PlyCount "20"]
[EventDate "2018.01.02"]
[EventType "swiss"]
[EventRounds "9"]
[EventCountry "SUI"]
[SourceTitle "CBM 182 Extra"]
[Source "ChessBase"]
[SourceDate "2018.02.23"]
[SourceVersion "1"]
[SourceVersionDate "2018.02.23"]
[SourceQuality "1"]

1. d4 Nf6 2. Bf4 d5 3. e3 c5 4. Nc3 cxd4 5. exd4 a6 6. Nf3 Nc6 7. Be2 Bf5 8. 0-0 e6 9. Ne5 Nxe5 10. Bxe5 Bd6 1/2-1/2

[Event "Basel op"]
[Site "Basel"]
[Date "2018.01.03"]
[Round "2"]
[White "Zennaf, Karim"]
[Black "Woellermann, Jan"]
[Result "0-1"]
[WhiteElo "2013"]
[BlackElo "2392"]
[PlyCount "64"]
[EventDate "2018.01.02"]
[EventType "swiss"]
[EventRounds "9"]
[EventCountry "SUI"]
[SourceTitle "CBM 182 Extra"]
[Source "ChessBase"]
[SourceDate "2018.02.23"]
[SourceVersion "1"]
[SourceVersionDate "2018.02.23"]
[SourceQuality "1"]

1. d4 Nf6 2. c4 e6 3. Nc3 Bb4 4. e3 d5 5. Nge2 dxc4 6. a3 Ba5 7. Qa4+ Nc6 8. Ng3 e5 9. dxe5 Nd5 10. Bd2 Nb6 11. Qc2 Nxe5 12. Nce4 Bxd2+ 13. Nxd2 Be6 14. Be2 Nd3+ 15. Bxd3 cxd3 16. Qc3 0-0 17. 0-0 Rc8 18. Nde4 c5 19. Nh5 f6 20. Nf4 Nd5 21. Nxe6 Nxc3 22. Nxd8 Ne2+ 23. Kh1 Rfxd8 24. Rfd1 c4 25. Nc3 Nxc3 26. bxc3 Rd6 27. Kg1 Rb6 28. Rab1 Rcc6 29. Rb4 Rxb4 30. axb4 Ra6 31. Kf1 Ra2 32. b5 Rc2 0-1

[Event "BL2-Ost 1718"]
[Site "Germany"]
[Date "2017.11.12"]
[Round "4.1"]
[White "Woellermann, Jan"]
[Black "Stocek, Jiri"]
[Result "0-1"]
[WhiteElo "2384"]
[BlackElo "2581"]
[PlyCount "75"]
[EventDate "2017.10.21"]
[EventType "team-tourn"]
[EventRounds "10"]
[EventCountry "GER"]
[SourceTitle "CBM 183 Extra"]
[Source "ChessBase"]
[SourceDate "2018.04.19"]
[SourceVersion "1"]
[SourceVersionDate "2018.04.19"]
[SourceQuality "1"]
[WhiteTeam "Magdeburg Aufbau Elbe"]
[BlackTeam "Garching"]
[WhiteTeamCountry "GER"]
[BlackTeamCountry "GER"]

1. d4 Nf6 2. c4 e6 3. Nf3 b6 4. g3 Bb7 5. Bg2 g6 6. 0-0 Bg7 7. Nc3 Ne4 8. Bd2 0-0 9. Rc1 Na6 10. a3 c5 11. d5 exd5 12. cxd5 Re8 13. Nxe4 Rxe4 14. Bc3 d6 15. Nd2 Re8 16. Re1 Nc7 17. Nc4 Ba6 18. Bxg7 Kxg7 19. Qd2 Bxc4 20. Rxc4 b5 21. Rh4 h5 22. b4 c4 23. a4 Rc8 24. Rf4 Qd7 25. Qd4+ Kg8 26. Rf3 Na6 27. axb5 Nxb4 28. Rb1 a5 29. bxa6 Nxa6 30. Rb6 Rxe2 31. Bf1 Re1 32. Kg2 Nc5 33. Qxc4 Rf8 34. Qf4 Re5 35. Qf6 Ne4 36. Qf4 Ng5 37. Re3 Rxd5 38. Rd3 0-1

[Event "BL2-Ost 1718"]
[Site "Germany"]
[Date "2017.10.22"]
[Round "2.1"]
[White "Woellermann, Jan"]
[Black "Braeuer, Franz"]
[Result "1/2-1/2"]
[WhiteElo "2384"]
[BlackElo "2398"]
[PlyCount "71"]
[EventDate "2017.10.21"]
[EventType "team-tourn"]
[EventRounds "10"]
[EventCountry "GER"]
[SourceTitle "CBM 183 Extra"]
[Source "ChessBase"]
[SourceDate "2018.04.19"]
[SourceVersion "1"]
[SourceVersionDate "2018.04.19"]
[SourceQuality "1"]
[WhiteTeam "Magdeburg Aufbau Elbe"]
[BlackTeam "Erfurt"]
[WhiteTeamCountry "GER"]
[BlackTeamCountry "GER"]

1. d4 Nf6 2. c4 e6 3. Nf3 d5 4. g3 Bb4+ 5. Bd2 Qe7 6. Bg2 0-0 7. 0-0 c6 8. Qc2 Nbd7 9. Rd1 b6 10. Bf4 Bb7 11. Ne5 Nh5 12. Bd2 Nhf6 13. Bf4 Nh5 14. Bd2 Nhf6 15. cxd5 cxd5 16. Nc6 Bxc6 17. Qxc6 Rac8 18. Qb5 Ne8 19. Qd3 Nd6 20. Na3 Nf6 21. Nb5 Qd7 22. Nxd6 Bxd6 23. e3 Rc7 24. Qb3 Be7 25. a4 Ne4 26. Be1 Nd6 27. Bf1 Nc4 28. Rac1 Rfc8 29. Qa2 Nd6 30. Rxc7 Rxc7 31. Bd3 Qc8 32. Qb1 g6 33. Bd2 Bf8 34. Rc1 Nc4 35. Be1 Bd6 36. b3 1/2-1/2

[Event "Douglas IoM op"]
[Site "Douglas"]
[Date "2017.09.30"]
[Round "8"]
[White "Woellermann, Jan"]
[Black "Praggnanandhaa, Rameshbabu"]
[Result "1/2-1/2"]
[WhiteElo "2384"]
[BlackElo "2500"]
[PlyCount "83"]
[EventDate "2017.09.23"]
[EventType "swiss"]
[EventRounds "9"]
[EventCountry "IOM"]
[SourceTitle "CBM 181"]
[Source "ChessBase"]
[SourceDate "2017.11.10"]
[SourceVersion "1"]
[SourceVersionDate "2017.11.10"]
[SourceQuality "1"]

1. d4 Nf6 2. c4 e6 3. Nf3 d5 4. g3 dxc4 5. Bg2 c5 6. 0-0 Nc6 7. dxc5 Qxd1 8. Rxd1 Bxc5 9. Nbd2 c3 10. bxc3 0-0 11. Ne1 Be7 12. Nd3 Bd7 13. Nb3 b6 14. c4 Rfd8 15. Bb2 Rac8 16. c5 Be8 17. cxb6 axb6 18. Rdc1 Nd5 19. a3 Ra8 20. Nf4 Nxf4 21. gxf4 Na5 22. Bxa8 Nxb3 23. Bf3 Nxc1 24. Rxc1 Bc5 25. Rb1 Rc8 26. Bc1 b5 27. e3 Be7 28. Kf1 f6 29. Ke1 Bg6 30. Ra1 Bd3 31. Bd2 e5 32. fxe5 fxe5 33. Be2 e4 34. Bxd3 exd3 35. Rb1 Ra8 36. Bb4 Bxb4+ 37. Rxb4 Rxa3 38. Rxb5 Ra1+ 39. Kd2 Ra2+ 40. Ke1 Ra1+ 41. Kd2 Ra2+ 42. Ke1 1/2-1/2

[Event "Douglas IoM op"]
[Site "Douglas"]
[Date "2017.09.24"]
[Round "2"]
[White "Woellermann, Jan"]
[Black "Shirov, Alexei"]
[Result "0-1"]
[WhiteElo "2384"]
[BlackElo "2630"]
[PlyCount "66"]
[EventDate "2017.09.23"]
[EventType "swiss"]
[EventRounds "9"]
[EventCountry "IOM"]
[SourceTitle "CBM 181"]
[Source "ChessBase"]
[SourceDate "2017.11.10"]
[SourceVersion "1"]
[SourceVersionDate "2017.11.10"]
[SourceQuality "1"]

1. d4 d5 2. c4 c6 3. Nf3 Nf6 4. e3 Bg4 5. h3 Bh5 6. g4 Bg6 7. Ne5 e6 8. Nd2 Nbd7 9. Nxg6 hxg6 10. Bg2 Bd6 11. 0-0 0-0 12. h4 dxc4 13. Nxc4 Bc7 14. b3 Nd5 15. g5 b5 16. Nd2 Qe7 17. Nf3 e5 18. dxe5 Nxe5 19. Bb2 Rad8 20. Qe2 Ng4 21. Rfe1 Ba5 22. Red1 Bb6 23. Bd4 c5 24. Bb2 c4 25. Bd4 Nf4 26. Qc2 Nd3 27. Bxb6 axb6 28. bxc4 Ngxf2 29. Rd2 Nb4 30. Qb3 bxc4 31. Qxc4 Nfd3 32. Re2 Rc8 33. Qd4 Nc1 0-1

[Event "Staufer op 29th"]
[Site "Schwaebisch Gmuend"]
[Date "2017.01.03"]
[Round "3"]
[White "Burmakin, Vladimir"]
[Black "Woellermann, Jan"]
[Result "1-0"]
[WhiteElo "2526"]
[BlackElo "2384"]
[PlyCount "119"]
[EventDate "2017.01.02"]
[EventType "swiss"]
[EventRounds "9"]
[EventCountry "GER"]
[SourceTitle "CBM 176 Extra"]
[Source "ChessBase"]
[SourceDate "2017.03.02"]
[SourceVersion "1"]
[SourceVersionDate "2017.03.02"]
[SourceQuality "1"]

1. d4 Nf6 2. Nf3 e6 3. g3 b5 4. Qd3 a6 5. a4 b4 6. e4 Bb7 7. e5 Ne4 8. Bg2 d5 9. exd6 Nxd6 10. 0-0 Nd7 11. Bg5 Be7 12. Bxe7 Qxe7 13. Nbd2 0-0 14. Nb3 Be4 15. Qe2 Bd5 16. Rfe1 Nc4 17. Nfd2 Bxg2 18. Kxg2 Nxd2 19. Qxd2 Qd6 20. Qd3 Rfd8 21. Kg1 h6 22. a5 Rab8 23. Rad1 Rb5 24. Nd2 Qc6 25. Nc4 Rd5 26. Ne3 Rd6 27. d5 Qb7 28. Qe2 Nf8 29. dxe6 fxe6 30. Nc4 Rd5 31. Rxd5 Rxd5 32. b3 Qb5 33. Qe3 Qe8 34. Qa7 Qc6 35. Qb8 Rb5 36. Qd8 Rf5 37. Qd2 Qc5 38. Re3 Kh7 39. Qe1 Kg8 40. Re4 Qd5 41. Rg4 Qd7 42. Re4 Qd5 43. Re2 Qc5 44. Rd2 Rd5 45. Re2 Rf5 46. h4 Rd5 47. Re4 Rd8 48. Re5 Rd5 49. Rxd5 exd5 50. Qe5 c6 51. Ne3 Kf7 52. Qc7+ Kg8 53. Nf5 Qc3 54. Kg2 Kh7 55. Qf7 Ng6 56. h5 Nh8 57. Qe6 Qxc2 58. Ne7 Qe4+ 59. Qxe4+ dxe4 60. Nxc6 1-0

[Event "Erfurt MT op 26th"]
[Site "Erfurt"]
[Date "2016.12.29"]
[Round "7"]
[White "Woellermann, Jan"]
[Black "Gungl, Theo"]
[Result "0-1"]
[WhiteElo "2388"]
[BlackElo "2222"]
[PlyCount "103"]
[EventDate "2016.12.26"]
[EventType "swiss"]
[EventRounds "8"]
[EventCountry "GER"]
[SourceTitle "CBM 176 Extra"]
[Source "ChessBase"]
[SourceDate "2017.03.02"]
[SourceVersion "1"]
[SourceVersionDate "2017.03.02"]
[SourceQuality "1"]

1. d4 d5 2. c4 c6 3. Nf3 Nf6 4. Nc3 e6 5. Bg5 dxc4 6. e4 b5 7. e5 h6 8. Bh4 g5 9. Nxg5 hxg5 10. Bxg5 Be7 11. exf6 Bxf6 12. Bxf6 Qxf6 13. g3 Na6 14. Bg2 Bb7 15. Ne4 Qe7 16. 0-0 0-0-0 17. a4 f5 18. axb5 cxb5 19. Nc3 Bxg2 20. Kxg2 Qb7+ 21. f3 Nc7 22. Rf2 Rh7 23. Ne2 a6 24. Qd2 Rhd7 25. Qh6 Rd6 26. Qg5 Nd5 27. Qd2 Ne7 28. Qa5 Nd5 29. Qd2 Qb6 30. Qg5 Nb4 31. Rb1 Nc2 32. h4 Nxd4 33. Nxd4 Qxd4 34. h5 f4 35. Qxf4 Qxf4 36. gxf4 Rh8 37. Rh1 Rg8+ 38. Kh3 Rd5 39. Kh4 Rf5 40. Re1 Rxf4+ 41. Kh3 Rf5 42. Kh4 e5 43. h6 Rg6 44. Rfe2 Rxh6+ 45. Kg4 Rhf6 46. Rxe5 Rxf3 47. Re7 Rf7 48. R7e6 R3f6 49. Re8+ Kb7 50. Rd1 Rg7+ 51. Kh5 Rf2 52. Kh6 0-1

[Event "Werther Schloss op 22nd"]
[Site "Werther"]
[Date "2016.03.18"]
[Round "3"]
[White "Woellermann, Jan"]
[Black "Schroeder, Kevin"]
[Result "1/2-1/2"]
[WhiteElo "2370"]
[BlackElo "2319"]
[PlyCount "129"]
[EventDate "2016.03.17"]
[EventType "swiss"]
[EventRounds "7"]
[EventCountry "GER"]
[SourceTitle "CBM 171 Extra"]
[Source "ChessBase"]
[SourceDate "2016.04.26"]
[SourceVersion "1"]
[SourceVersionDate "2016.04.26"]
[SourceQuality "1"]

1. d4 Nf6 2. c4 e6 3. Nf3 Bb4+ 4. Nbd2 d5 5. Qa4+ Nc6 6. e3 0-0 7. a3 Be7 8. Bd3 Nb8 9. 0-0 Nbd7 10. b4 dxc4 11. Nxc4 c5 12. Rd1 cxb4 13. axb4 Nb6 14. Nxb6 Qxb6 15. b5 Bd7 16. Ne5 Rfc8 17. Bd2 Be8 18. Ba5 Qd6 19. Qb3 Nd5 20. Nc4 Qd7 21. Ne5 Qd6 22. Nc4 Qd7 23. Rab1 f6 24. e4 Nf4 25. Bf1 Bh5 26. f3 Bf7 27. Bb4 b6 28. g3 Ng6 29. Qa3 Rd8 30. Ra1 Bxb4 31. Qxb4 Rac8 32. Be2 Be8 33. Ne3 Qc7 34. Bc4 Bf7 35. Qa3 Rd7 36. Rac1 Qd6 37. Qxd6 Rxd6 38. Kf2 Ne7 39. Rc2 Rcd8 40. Rcd2 Kf8 41. Be2 R6d7 42. Ra2 Nc8 43. Nc2 Be8 44. Ke3 Rc7 45. Nb4 Rc3+ 46. Kf2 Rb3 47. Nc6 Bxc6 48. bxc6 Rc3 49. d5 exd5 50. exd5 Rc5 51. Ba6 Nd6 52. Rdd2 Ne8 53. Bb7 a5 54. Rdb2 Nc7 55. Rxb6 Rcxd5 56. Rbb2 Ke7 57. Re2+ Kd6 58. Red2 Rxd2+ 59. Rxd2+ Ke7 60. Re2+ Kf7 61. Rb2 Ke6 62. Re2+ Kf7 63. Rb2 Ke6 64. Re2+ Kf7 65. Rb2 1/2-1/2

[Event "GER CupT 1516"]
[Site "Berlin"]
[Date "2016.03.05"]
[Round "1.1"]
[White "Woellermann, Jan"]
[Black "Kopylov, Michael"]
[Result "0-1"]
[WhiteElo "2307"]
[BlackElo "2406"]
[PlyCount "122"]
[EventDate "2016.03.05"]
[EventType "team-k.o."]
[EventRounds "2"]
[EventCountry "GER"]
[SourceTitle "EXT 2022"]
[Source "ChessBase"]
[SourceDate "2021.10.06"]
[SourceVersion "1"]
[SourceVersionDate "2021.10.06"]
[SourceQuality "1"]
[WhiteTeam "Magdeburg Aufbau Elbe"]
[BlackTeam "Norderstedt"]
[WhiteTeamCountry "GER"]
[BlackTeamCountry "GER"]

1. d4 d5 2. c4 e6 3. Nf3 c6 4. Nc3 dxc4 5. a4 Bb4 6. e3 b5 7. Bd2 a5 8. axb5 Bxc3 9. Bxc3 cxb5 10. b3 Bb7 11. bxc4 b4 12. Bb2 Nf6 13. c5 0-0 14. Bb5 Bc6 15. Ba4 Bxa4 16. Rxa4 Qd5 17. 0-0 Nc6 18. Qc2 b3 19. Qe2 Nb4 20. Ne5 Qb7 21. Qc4 Nc2 22. Bc3 Rfb8 23. c6 Qc7 24. Rb1 Nd5 25. e4 Nb6 26. Qb5 Nxa4 27. Qxa4 Nb4 28. h3 f6 29. Nd7 Re8 30. d5 exd5 31. exd5 Nxd5 32. Qc4 Re6 33. Qxd5 Qxc6 34. Nb6 Ra6 35. Qxc6 Rxc6 36. Na4 Rc4 37. Ra1 Rac6 38. Kh2 Rxc3 39. Nxc3 b2 40. Rb1 Rxc3 41. Rxb2 Rc8 42. Ra2 Ra8 43. Kg3 Kf7 44. Kf4 Ke6 45. Ke4 h5 46. Ra4 Ra7 47. g3 Ra8 48. Kd4 Kf5 49. Kc3 Ke5 50. Kb3 g5 51. Kc3 Kd5 52. Kb3 Ra6 53. Kc3 Kc5 54. Kb3 Kb5 55. h4 Rd6 56. Re4 g4 57. Rf4 Rd3+ 58. Kb2 Rf3 59. Rxf3 gxf3 60. g4 hxg4 61. h5 g3 0-1